00812 2200265 4500001002100000005001500021035002000036007000300056008004100059040002200100082001700122084001900139090002300158100002200181245007800203300004200281850001200323504002900335651002400364264006400388336002100452337003000473338002300503990002000526INLIS00000000085338320191203095721 a0010-1219000069ta191203s1986 jiia g ind d aYOPDYOGbinderda04223a959.8211 a959.8211 MOE u aBTR 959.8211 MOE u0 aMoelyadiepenulis0 aUngkapan sejarah kerajaan wengker dan reyog Ponorogo /cpenulis, Moelyadi avi, 159 halaman :bilustrasi ;c21 cm aYOPDYOG aBibliografi: halaman 156 42Ponorogo--xSejarah aPonorogo :bDewan Pimpinan Cabang Pemuda Panca Marga,c1986 2rdacontentateks 2rdamediaatanpa perantara 2rdacarrieravolume a65231-PD/A.2019